000
00321nam a22001337a 4500
008
171018b xxu||||| |||| 00| 0 eng d
020
_a
0939246066
041
_a
eng
080
_a
338
100
_a
53
101
_a
MEN
245
_a
PRODUCTION AND INVENTORY MANAGEMENT IN THE COMPUTER AGE
_c
WIGHT,O,W
942
_2
udc
_c
BK
999
_c
34765
_d
34765